Writing and implementing a marketing plan a guide for small business owners /

Bibliographic Details
Main Author: Gerson, Richard F.
Corporate Author: ProQuest (Firm)
Format: Electronic eBook
Language:English
Published: Los Altos, Calif. : Crisp, c1991.
Subjects:
Online Access:Click to View
LEADER 01179nam a2200325Ia 4500
001 EBC3116964
003 MiAaPQ
005 20200520144314.0
006 m o d |
007 cr cn|||||||||
008 040811s1991 caua gs 000 0 eng d
020 |z 1560520833 
035 |a (MiAaPQ)EBC3116964 
035 |a (Au-PeEL)EBL3116964 
035 |a (CaPaEBR)ebr10058855 
035 |a (OCoLC)922967069 
040 |a MiAaPQ  |c MiAaPQ  |d MiAaPQ 
050 4 |a HF5415  |b .G47 1991 
100 1 |a Gerson, Richard F. 
245 1 0 |a Writing and implementing a marketing plan  |h [electronic resource] :  |b a guide for small business owners /  |c Richard F. Gerson. 
260 |a Los Altos, Calif. :  |b Crisp,  |c c1991. 
300 |a viii, 89 p. :  |b ill. 
533 |a Electronic reproduction. Ann Arbor, MI : ProQuest, 2015. Available via World Wide Web. Access may be limited to ProQuest affiliated libraries. 
650 0 |a Marketing. 
650 0 |a Marketing  |v Dictionaries. 
650 0 |a Small business. 
650 0 |a Business planning. 
655 4 |a Electronic books. 
710 2 |a ProQuest (Firm) 
856 4 0 |u https://ebookcentral.proquest.com/lib/matrademy/detail.action?docID=3116964  |z Click to View